|
|
|
|
| LEADER |
00000nab a2200000 a 4500 |
| 001 |
vtls000652812 |
| 003 |
SK-MaSNL |
| 005 |
20260304090408.0 |
| 008 |
250425c1998 xo 0 slo |
| 015 |
|
|
|a SNBRA1998/02-05063
|
| 035 |
|
|
|a CLN000005006
|
| 035 |
|
|
|a urn:nbn:sk:snk-aba2qr
|
| 035 |
|
|
|a (urnnbn)urn:nbn:sk:snk:ar-a09apz
|
| 035 |
|
|
|a (uuid)bf8f4422-3056-4098-86b1-c5809096f9ad
|
| 040 |
|
|
|a SNKBUCL
|b slo
|c SNKBUCL
|e AACR2
|
| 041 |
0 |
|
|a slo
|
| 044 |
|
|
|a xo
|c SK
|
| 080 |
|
|
|a 342.82(437.6)
|2 1997
|
| 100 |
1 |
|
|a Petőcz, Kálmán,
|d 1961-
|4 aut
|9 103865
|
| 245 |
1 |
0 |
|a Spravodlivé voľby: prevencia či liečba
|c Kálmán Petőcz
|
| 650 |
0 |
7 |
|a voľby
|x systém volebný
|x zmeny
|z Slovensko
|2 snkbucl
|9 1381358
|
| 655 |
|
7 |
|a články z novín a časopisov
|2 snkbucl
|9 267496
|
| 773 |
0 |
|
|t OS
|g Č. 2 (1998), s. 47
|x 1335-2296
|
| 850 |
|
|
|a Slovenská národná knižnica
|
| 852 |
|
|
|a Slovenská národná knižnica
|
| 954 |
|
|
|a odborná, vedecká literatúra pôvodná (slovenská)
|2 lita
|
| 958 |
|
|
|a article13
|
| 958 |
|
|
|a SK
|
| 958 |
|
|
|a OND
|
| 958 |
|
|
|a EUIPO
|
| 992 |
|
|
|a RBX
|
| 999 |
|
|
|c 2811333
|d 2813263
|